| 000 | 00632 a2200205 4500 | ||
|---|---|---|---|
| 003 | Nust | ||
| 005 | 20221202103221.0 | ||
| 010 | _a 77085725 | ||
| 020 | _a0879010886 | ||
| 040 | _cNust | ||
| 082 | 0 | 0 | _a539,TIP |
| 100 | 1 |
_aTipler, Paul Allen, _9103975 |
|
| 245 | 1 | 0 |
_aModern physics / _cPaul A. Tipler. |
| 260 |
_aNew York : _bWorth Publishers, _c1978. |
||
| 300 |
_axiii, 502 p. : _bill. ; _c27 cm. |
||
| 500 | _aPublished in 1969 under title: Foundations of modern physics. | ||
| 505 | _aIntroduction To Relativity And Quantum Physics (Page-1), Applications (Page-285). | ||
| 650 | 0 | _aPhysics. | |
| 942 |
_2ddc _cBK _k539,TIP |
||
| 999 |
_c184476 _d184476 |
||